Mười ba lý do = Thirteen reasons why
Đã lưu trong:
| Tác giả chính: | |
|---|---|
| Định dạng: | Sách |
| Ngôn ngữ: | Undetermined |
| Được phát hành: |
Hà Nội
Văn học
2018
|
| Những chủ đề: | |
| Các nhãn: |
Thêm thẻ
Không có thẻ, Là người đầu tiên thẻ bản ghi này!
|
| Thư viện lưu trữ: | Trung tâm Học liệu Trường Đại học Cần Thơ |
|---|
| LEADER | 00596nam a2200217Ia 4500 | ||
|---|---|---|---|
| 001 | CTU_230932 | ||
| 008 | 210402s9999 xx 000 0 und d | ||
| 020 | |c 100000 | ||
| 082 | |a 813.5 | ||
| 082 | |b A825 | ||
| 100 | |a Asher, Jay | ||
| 245 | 0 | |a Mười ba lý do = | |
| 245 | 0 | |b Thirteen reasons why | |
| 245 | 0 | |c Jay Asher ; Tuấn Phúc (dịch) | |
| 260 | |a Hà Nội | ||
| 260 | |b Văn học | ||
| 260 | |c 2018 | ||
| 650 | |a Học đường,Schools | ||
| 650 | |x Tiểu thuyết,Fiction | ||
| 910 | |b dqhieu | ||
| 980 | |a Trung tâm Học liệu Trường Đại học Cần Thơ | ||